000 00708nam a2200265Ia 4500
005 20260302114759.0
008 008 260114s9999 xx 000 0 eng d
020 _a9781350239951
037 _aTextbook
040 _aCRL
040 _beng
040 _cCRL
041 _2eng
041 _aeng
084 _qCRL
100 _aKelly L. Reames and Linda Wagner-Martin
_91119739
245 4 _aThe Bloomsbury Handbook to Toni Morrison
260 _bBloomsbury
260 _bBloomsbury Academic
260 _c2022
650 _aLiterary Studies
856 _uhttps://doi.org/10.5040/9781350239951?locatt=label:secondary_bloomsburyCollections
942 _cEBOOK
999 _c1683813
_d1683813